Capitales des pays et territoires d'Océanie - Statistiques

Statistiques générales
  • Ce quiz a été pris 103 fois
  • Le résultat moyen est 13 sur 25
Statistiques - réponses
Pays ou territoire Réponse % Correct
Australie Canberra
100%
Fidji Suva
90%
Nouvelle-Zélande Wellington
74%
Papouasie-Nouvelle-Guinée Port Moresby
72%
Hawaii Honolulu
69%
Iles Salomon Honiara
67%
Nauru Yaren
67%
Micronésie Palikir
64%
Samoa Apia
62%
Tuvalu Funafuti
59%
Tonga Nuku'alofa
59%
Vanuatu Port-Vila
59%
Kiribati Tarawa-Sud
59%
Iles Marshall Majuro
56%
Nouvelle-Calédonie Nouméa
51%
Palaos Melekeok
44%
Niue Alofi
41%
Iles Pitcairn Adamstown
28%
Samoa américaines Pago Pago
28%
Iles Cook Avarua
26%
Iles Mariannes du Nord Saipan
26%
Wallis-et-Futuna Mata-Utu
23%
Ile de Pâques Hanga Roa
18%
Norfolk Kingston
18%
Guam Agana
13%
Aucun quiz correspondant
Distribution des résultats
% des personnes avec chaque résultat
Percentile par nombre de réponses
Votre historique - résultats
Vous n’avez pas pris ce quiz